[Event "13th EICC"]
[Site "Plovdiv BUL"]
[Date "2012.03.24"]
[Round "5.153"]
[White "Cherednichenko, Elena"]
[Black "Cabarkapa, Novak"]
[Result "0-1"]
[WhiteTitle "WFM"]
[BlackTitle "FM"]
[WhiteElo "2130"]
[BlackElo "2314"]
[WhiteFideId "14105560"]
[BlackFideId "943746"]
[EventDate "2012.03.20"]
[EventType "swiss"]

1. d4 Nf6 2. Nf3 g6 3. Nbd2 d5 4. e3 Bg7 5. b4 O-O 6. Bb2 a5 7. b5 a4 8. Ba3 Re8
9. Rc1 Ne4 10. Nxe4 dxe4 11. Nd2 e5 12. c3 Be6 13. Nc4 exd4 14. cxd4 Qg5 15. Nb2
Bxa2 16. Rxc7 Nc6 17. Rxb7 Nxd4 18. exd4 e3 19. f3 e2 20. Bxe2 Qxg2 21. Rf1 Bxd4
22. Bb4 Bxb2 23. Qd2 Rad8 24. Qxb2 Bb3 25. Re7 Rxe7 26. Bxe7 Rd1+ 27. Bxd1 Qxb2
28. Bxb3 axb3 29. Bb4 Qc1+ 30. Ke2 Qxf1+ 0-1

[Event "13th EICC"]
[Site "Plovdiv BUL"]
[Date "2012.03.24"]
[Round "5.154"]
[White "Blaushtain, Boris"]
[Black "Malikentzos, Sotirios"]
[Result "0-1"]
[BlackTitle "FM"]
[WhiteElo "2105"]
[BlackElo "2307"]
[WhiteFideId "2804638"]
[BlackFideId "4215079"]
[EventDate "2012.03.20"]
[EventType "swiss"]

1. c4 e6 2. Nc3 d5 3. d4 Nf6 4. Nf3 Nbd7 5. e3 c6 6. a3 Be7 7. Bd3 b6 8. O-O O-O
9. b3 Bb7 10. cxd5 cxd5 11. Bb2 Rc8 12. Nd2 Bd6 13. f4 Ne8 14. Qf3 f5 15. g4
fxg4 16. Qxg4 Qe7 17. Nf3 Nef6 18. Qh3 Rfe8 19. Ne5 Ne4 20. Nxe4 dxe4 21. Bb5
Bxe5 22. fxe5 Rc2 23. Rf2 Rxf2 24. Kxf2 Rf8+ 25. Ke2 Rf3 26. Qg4 Qf7 27. Bc3 h5
28. Qg2 a6 29. Bxd7 Qxd7 30. a4 Bd5 31. Rb1 Qc8 32. Kd2 Qf8 33. Ke2 a5 34. Be1
Qc8 35. Kd2 Qf8 36. Qe2 Qa3 37. Kc2 Qa2+ 38. Rb2 Bxb3+ 39. Kc3 Qa3 0-1

[Event "13th EICC"]
[Site "Plovdiv BUL"]
[Date "2012.03.24"]
[Round "5.158"]
[White "Boehnisch, Manfred"]
[Black "Manelidou, Maria"]
[Result "1-0"]
[WhiteTitle "FM"]
[WhiteElo "2291"]
[BlackElo "2067"]
[WhiteFideId "4611543"]
[BlackFideId "4212240"]
[EventDate "2012.03.20"]
[EventType "swiss"]

1. e4 e5 2. Bc4 Bc5 3. Nc3 Qf6 4. Nf3 Ne7 5. a3 h6 6. b4 Bb6 7. Na4 d6 8. Nxb6
axb6 9. Bb2 Bg4 10. Be2 Ng6 11. Nd4 Bxe2 12. Nxe2 Qg5 13. g3 Qg4 14. Nc3 Qh3 15.
Qe2 Nc6 16. Nd5 Kd7 17. O-O-O Nge7 18. f4 f6 19. Qb5 Kd8 20. fxe5 fxe5 21. Rdf1
Qg4 22. Qd3 Qg6 23. b5 Nxd5 24. bxc6 Ne7 25. cxb7 Rb8 26. Bxe5 Rxb7 27. Bb2 Ra7
28. Qc4 Re8 29. Rf4 Qg5 30. Rf7 g6 31. Rhf1 Qa5 32. Rh7 Qh5 33. Qe6 Qe2 34. Rhf7
c6 35. Qxd6+ Rd7 36. Qb8+ Nc8 37. Bf6+ 1-0

[Event "13th EICC"]
[Site "Plovdiv BUL"]
[Date "2012.03.24"]
[Round "5.159"]
[White "Ojagverdiyev, Zaur"]
[Black "Chudinovskikh, Alexander M"]
[Result "0-1"]
[BlackTitle "IM"]
[WhiteElo "2050"]
[BlackElo "2278"]
[WhiteFideId "13402846"]
[BlackFideId "4106083"]
[EventDate "2012.03.20"]
[EventType "swiss"]

1. e4 e5 2. Nf3 Nc6 3. Bb5 a6 4. Ba4 Nf6 5. O-O Be7 6. Re1 b5 7. Bb3 O-O 8. c3
d6 9. h3 Na5 10. Bc2 c5 11. d4 Qc7 12. Nbd2 Nc6 13. d5 Nd8 14. Nf1 Nb7 15. Ng3
c4 16. Nh2 a5 17. f4 Nc5 18. f5 b4 19. Bg5 Nxd5 20. Qxd5 Bxg5 21. cxb4 axb4 22.
Qxc4 Qb6 23. Kh1 Bh4 24. Re3 Ba6 25. Qd5 Nd7 26. Nhf1 Rac8 27. Bd3 Bb7 28. Qb5
Rc7 29. Qxb6 Nxb6 30. Rd1 d5 31. exd5 Nxd5 32. Rxe5 Bf6 33. Ree1 Bxb2 34. Be4
Bc3 35. Re2 Nf6 36. Bxb7 Rxb7 37. Ne3 Rb5 38. Ng4 Nxg4 39. hxg4 g6 40. Rf1 Be5
41. Ne4 f6 42. g3 Rd5 43. Kh2 Kg7 44. Kh3 Rf7 45. Rf3 h6 46. Rb3 h5 47. fxg6
hxg4+ 48. Kxg4 Kxg6 49. Kf3 f5 50. Nf2 f4 51. gxf4 Bxf4 52. Re6+ Kf5 53. Rb6 Bd2
54. a3 Ke5+ 55. Kg2 Bc3 56. Ng4+ Kd4 57. R6xb4+ Bxb4 58. Rxb4+ Kc3 59. Re4 Rg5
60. Kg3 Kd3 61. Rb4 Rf1 62. Kg2 Rf8 63. Kg3 Rg7 64. a4 Rgg8 65. a5 Rf1 66. Kg2
Ra1 67. Rf4 Rxa5 68. Kf3 Kd2 69. Rd4+ Kc3 70. Rf4 Rag5 71. Ra4 Rf8+ 72. Kg3 Kb3
73. Re4 Rg7 74. Rd4 Kc3 75. Re4 Kd3 76. Rb4 Rf1 77. Kg2 Rc1 78. Kf3 Rf1+ 79. Kg2
Rd1 80. Rf4 Rg5 81. Ra4 Rd2+ 82. Kf3 Rf5+ 83. Kg3 Ke2 84. Re4+ Kd3 85. Ra4 Rf1
86. Ra3+ Kc2 87. Re3 Kd1 88. Re4 Rg1+ 89. Kf3 Kc2 90. Rc4+ Kb3 91. Re4 Rdg2 92.
Nf2 Kc3 93. Nd1+ Kd2 94. Rd4+ Ke1 95. Ne3 Rg3+ 96. Kf4 Kf2 97. Re4 0-1

[Event "13th EICC"]
[Site "Plovdiv BUL"]
[Date "2012.03.24"]
[Round "5.160"]
[White "Todorov, Yavor"]
[Black "Kjurkchiiski, Georgi"]
[Result "1-0"]
[WhiteElo "2029"]
[BlackElo "2266"]
[WhiteFideId "2911540"]
[BlackFideId "2901153"]
[EventDate "2012.03.20"]
[EventType "swiss"]

1. d4 Nf6 2. c4 c5 3. d5 b5 4. cxb5 a6 5. bxa6 Bxa6 6. Nc3 g6 7. Nf3 d6 8. g3
Bg7 9. Bg2 O-O 10. O-O Nbd7 11. Rb1 Qc7 12. Qc2 Rfb8 13. Re1 Nb6 14. e4 Ng4 15.
h3 Ne5 16. Nxe5 Bxe5 17. b3 Nd7 18. a4 Bg7 19. Be3 Qa5 20. Bd2 Ne5 21. Nb5 Qd8
22. f4 Bxb5 23. fxe5 Ba6 24. exd6 exd6 25. Bc3 Bxc3 26. Qxc3 Rb4 27. e5 Rab8 28.
e6 c4 29. e7 Qe8 30. Qf6 cxb3 31. Qxd6 Bd3 32. Rb2 R4b7 33. Qe5 Bf5 34. d6 Rb6
35. Bd5 Qxa4 36. e8=Q+ 1-0

[Event "13th EICC"]
[Site "Plovdiv BUL"]
[Date "2012.03.24"]
[Round "5.161"]
[White "Ben Artzi, Ido"]
[Black "Bozinovic, Boban"]
[Result "1-0"]
[BlackTitle "CM"]
[WhiteElo "2271"]
[BlackElo "2105"]
[WhiteFideId "2810913"]
[BlackFideId "929697"]
[EventDate "2012.03.20"]
[EventType "swiss"]

1. d4 Nf6 2. c4 c5 3. d5 b5 4. cxb5 a6 5. bxa6 g6 6. Nc3 Bxa6 7. Nf3 d6 8. g3
Bg7 9. Bg2 O-O 10. O-O Nbd7 11. Rb1 Qa5 12. Bd2 Rfb8 13. Qc2 Qd8 14. b3 Nb6 15.
Nh4 Ne8 16. Rfd1 Nc7 17. e4 Nb5 18. Nxb5 Bxb5 19. Bc3 Bxc3 20. Qxc3 Rxa2 21. e5
Nd7 22. f4 Rba8 23. e6 Nf6 24. exf7+ Kxf7 25. Re1 R8a7 26. Qe3 Bd7 27. h3 Bc8
28. g4 Qg8 29. g5 Ne8 30. Be4 Qg7 31. f5 Qe5 32. fxg6+ Kg7 33. Bg2 Rxg2+ 34.
Nxg2 Qxe3+ 35. Rxe3 Kxg6 36. Rbe1 Kxg5 37. Rxe7 Rxe7 38. Rxe7 Nf6 39. h4+ Kg6
40. Rc7 Bg4 41. Ne3 Bf3 42. Rc6 Ne8 43. Kf2 Be4 44. Kg3 Kf6 45. Kf4 Bg6 46. Rb6
Ke7 47. Rb7+ Kd8 48. Kg5 Nc7 49. Rb8+ Kd7 50. Rg8 Be4 51. Rg7+ Kd8 52. h5 Nb5
53. Kh6 Ke8 54. Ng4 Kf8 55. Nf6 Bc2 56. Nd7+ Ke8 57. Nf6+ Kf8 58. Nxh7+ Ke8 59.
Nf6+ Kf8 1-0

[Event "13th EICC"]
[Site "Plovdiv BUL"]
[Date "2012.03.24"]
[Round "5.162"]
[White "Petrov, Vladimir Sergeev"]
[Black "Medancic, Rikard"]
[Result "0-1"]
[BlackTitle "IM"]
[WhiteElo "1980"]
[BlackElo "2252"]
[WhiteFideId "2902940"]
[BlackFideId "14500531"]
[EventDate "2012.03.20"]
[EventType "swiss"]

1. e4 e6 2. d4 d5 3. Nd2 h6 4. Ngf3 Nf6 5. e5 Nfd7 6. Bd3 c5 7. c3 Qb6 8. b3 Nc6
9. Bb2 cxd4 10. cxd4 g5 11. h3 Be7 12. a3 a5 13. Nf1 Nf8 14. Qc2 Bd7 15. Rc1 a4
16. bxa4 Qa5+ 17. N1d2 Qxa4 18. Qxa4 Rxa4 19. Bb5 Ra8 20. a4 Nb4 21. O-O Bxb5
22. axb5 Nd3 23. Ra1 Rxa1 24. Bxa1 Ng6 25. g3 Kd7 26. Nb3 Rc8 27. Rd1 Nb4 28.
Rd2 Rc2 29. Rxc2 Nxc2 30. Bb2 Kc7 31. Nh2 Kb6 32. Ng4 h5 33. Nh6 Nh8 34. Ng8 Bb4
35. Nf6 Kxb5 36. Nc1 Kc4 37. Ne2 Bd2 38. Nxh5 b5 39. Nf6 Kb3 40. Bc1 Bxc1 41.
Nxc1+ Kc3 42. Nd7 b4 43. f4 gxf4 44. gxf4 Nxd4 45. Nc5 Ng6 46. Na4+ Kd2 47. Na2
b3 48. Nb4 Nxf4 49. h4 Nf3+ 50. Kf2 Nxh4 51. Kg3 Nhg6 52. Nc6 Nd3 53. Nd4 b2 54.
Nf3+ Kc1 55. Nc3 b1=Q 56. Nxb1 Kxb1 57. Ng5 Ndxe5 58. Nh7 d4 59. Nf6 d3 0-1

[Event "13th EICC"]
[Site "Plovdiv BUL"]
[Date "2012.03.24"]
[Round "5.163"]
[White "Pavlidou, Ekaterini"]
[Black "Khelaia, Giorgi"]
[Result "1-0"]
[WhiteTitle "WIM"]
[WhiteElo "2231"]
[BlackElo "2080"]
[WhiteFideId "4213262"]
[BlackFideId "13604600"]
[EventDate "2012.03.20"]
[EventType "swiss"]

1. d4 g6 2. c4 Bg7 3. Nc3 d6 4. e4 Nf6 5. Nf3 O-O 6. h3 Nbd7 7. Be2 e5 8. dxe5
dxe5 9. O-O c6 10. Be3 Qe7 11. Qc2 Nh5 12. Rfd1 Nf4 13. Bf1 Nc5 14. b4 Na6 15.
a3 f5 1-0

[Event "13th EICC"]
[Site "Plovdiv BUL"]
[Date "2012.03.24"]
[Round "5.165"]
[White "Ilic, Slobodan S"]
[Black "Mihopoulos, Konstantinos"]
[Result "1-0"]
[WhiteElo "2160"]
[BlackElo "1951"]
[WhiteFideId "912883"]
[BlackFideId "4217110"]
[EventDate "2012.03.20"]
[EventType "swiss"]

1. c4 d6 2. Nc3 c5 3. g3 g6 4. Bg2 Bg7 5. Nf3 Nc6 6. O-O e5 7. d3 Nge7 8. Rb1 d5
9. cxd5 Nxd5 10. Nxd5 Qxd5 11. Be3 Qd6 12. Qa4 O-O 13. Ng5 Nd4 14. Rfe1 Bd7 15.
Qc4 Qb6 16. Qc1 Rac8 17. Ne4 Be6 18. b3 Qa6 19. Rb2 b6 20. Bh6 Qa5 21. Bxg7 Kxg7
22. Nd6 Rc7 23. b4 Qa3 24. e3 Rd7 25. bxc5 bxc5 26. Ne4 Nf5 27. Nxc5 Rd6 28.
Nxe6+ Rxe6 29. Bf1 h5 30. Qa1 h4 31. Rb5 Qe7 32. Reb1 hxg3 33. hxg3 Rh8 34. Bg2
a6 35. Rb6 Rxb6 36. Rxb6 Qc5 37. Rc6 Qb5 38. d4 exd4 39. exd4 Qe2 40. d5+ Kh7
41. Qf6 Qd1+ 42. Bf1 Qxd5 43. Rc7 Rf8 44. Qxa6 Nd4 45. Bg2 Qe5 46. Qc4 Kg7 47.
Kf1 Ne6 48. Qc3 Nd4 49. Qc4 Qf6 50. Bd5 Nf5 51. Qc3 Nd6 52. a4 Qxc3 53. Rxc3 Rc8
54. Rxc8 Nxc8 55. Ke2 Kf6 56. Kd3 Ke7 57. a5 f6 58. Bb7 Na7 59. Ke4 Kd6 60. g4
g5 61. Bd5 Nb5 62. Bc4 Na7 63. Kf5 Ke7 1-0

[Event "13th EICC"]
[Site "Plovdiv BUL"]
[Date "2012.03.24"]
[Round "5.167"]
[White "Arnaudov, Petar"]
[Black "Levine, Yonatan"]
[Result "1-0"]
[WhiteElo "2149"]
[BlackElo "2016"]
[WhiteFideId "2901706"]
[BlackFideId "2802082"]
[EventDate "2012.03.20"]
[EventType "swiss"]

1. Nf3 Nf6 2. g3 d5 3. c4 e6 4. Bg2 Be7 5. O-O O-O 6. b3 c5 7. Bb2 d4 8. e3 Nc6
9. exd4 cxd4 10. Re1 Ne8 11. d3 f6 12. Na3 e5 13. Nc2 Nc7 14. a3 a5 15. Nd2 Ne6
16. Qe2 Kh8 17. Rab1 Bd6 18. Bc1 f5 19. b4 e4 20. dxe4 f4 21. Nf3 fxg3 22. hxg3
Bxg3 23. fxg3 d3 24. Qd1 dxc2 25. Qxc2 axb4 26. axb4 Qc7 27. e5 Nxb4 28. Qb3 Na6
29. Be3 Nac5 30. Qb6 Qxb6 31. Rxb6 Ra6 32. Rd6 h6 33. Nd4 Re8 34. Nxe6 Nxe6 35.
Rxa6 bxa6 36. c5 Nd8 37. Bc1 Ne6 38. c6 Nc5 39. Rd1 Bg4 40. Rd5 Ne6 41. Ba3 h5
42. Be4 g5 43. Rd7 Ng7 44. Rd5 Nf5 45. c7 Ng7 46. Rd8 Be6 47. Be7 Rg8 48. Bd5
Rxd8 49. cxd8=Q+ 1-0

[Event "13th EICC"]
[Site "Plovdiv BUL"]
[Date "2012.03.24"]
[Round "5.169"]
[White "Safronov, Kirill"]
[Black "Vdovenko, Volodymyr"]
[Result "1-0"]
[WhiteElo "2017"]
[BlackElo "1784"]
[WhiteFideId "24141976"]
[BlackFideId "14110938"]
[EventDate "2012.03.20"]
[EventType "swiss"]

1. e4 d5 2. exd5 Nf6 3. Nf3 Nxd5 4. g3 Bg4 5. Bg2 Nc6 6. O-O e6 7. d3 Be7 8.
Nbd2 O-O 9. Ne4 Nd4 10. c3 Nxf3+ 11. Bxf3 Bxf3 12. Qxf3 c6 13. d4 a5 14. h4 Nf6
15. Nxf6+ Bxf6 16. Bf4 Qd5 17. Qg4 h5 18. Qd1 a4 19. Re1 g6 20. Be5 Qd8 21. Qf3
Kg7 22. Qf4 Re8 23. Re3 Bxe5 24. Qxe5+ Kg8 25. Qf4 Kg7 26. Rae1 Qb8 27. Qe4 Ra5
28. Qc2 Qc7 29. c4 Rd8 30. Rd1 Rda8 31. Rc3 Rf5 32. d5 Rd8 33. dxe6 fxe6 34.
Rxd8 Qxd8 35. Qxa4 Qd4 36. Qc2 Kf6 37. Rd3 Qe4 38. Qc3+ Re5 39. Re3 Qb1+ 40. Kg2
Qf5 41. f4 Ke7 42. Qxe5 Qc2+ 43. Re2 Qxc4 44. b3 Qd5+ 45. Qxd5 cxd5 46. Kf3 Kd6
47. Ke3 Kc5 48. Rc2+ Kd6 49. Kd4 b6 50. b4 1-0

[Event "13th EICC"]
[Site "Plovdiv BUL"]
[Date "2012.03.24"]
[Round "5.170"]
[White "Porfireanu, Serban"]
[Black "Katsarov, Hristo"]
[Result "1-0"]
[WhiteElo "1892"]
[BlackElo "1495"]
[WhiteFideId "1208632"]
[BlackFideId "2913003"]
[EventDate "2012.03.20"]
[EventType "swiss"]

1. Nf3 d5 2. d4 Nf6 3. g3 Bg4 4. Bg2 e6 5. O-O c5 6. c4 Nc6 7. cxd5 Nxd5 8. dxc5
Bxc5 9. Qa4 O-O 10. Qxg4 Ncb4 11. Na3 Nf6 12. Qg5 Rc8 13. Qd2 Qe7 14. e3 Rfd8
15. Qe2 Nd3 16. Nb5 a6 17. Nbd4 Nb4 18. a3 Bxd4 19. Nxd4 Nbd5 20. Bd2 e5 21. Nf5
Qf8 22. e4 Nb6 23. Bb4 Qe8 24. Ne7+ Kh8 25. Nxc8 Rxc8 26. Rac1 Qe6 27. Rxc8+
Qxc8 28. Qd2 Nc4 29. Qc3 Qe6 30. Rc1 b5 31. Rd1 h5 32. h3 Nb6 33. Rd6 1-0

[Event "13th EICC"]
[Site "Plovdiv BUL"]
[Date "2012.03.25"]
[Round "6.11"]
[White "Vachier-Lagrave, Maxime"]
[Black "Radulski, Julian"]
[Result "1-0"]
[WhiteTitle "GM"]
[BlackTitle "GM"]
[WhiteElo "2682"]
[BlackElo "2552"]
[WhiteFideId "623539"]
[BlackFideId "2901595"]
[EventDate "2012.03.20"]
[EventType "swiss"]

1. d4 d5 2. c4 e6 3. Nc3 Nf6 4. Bg5 Be7 5. e3 Nbd7 6. Nf3 h6 7. Bh4 O-O 8. Rc1
c5 9. cxd5 Nxd5 10. Bxe7 Nxe7 11. Bb5 cxd4 12. Nxd4 Nf6 13. O-O Bd7 14. Qb3 Bxb5
15. Qxb5 Qb6 16. Qxb6 axb6 17. a3 Rfd8 18. Rfd1 Kf8 19. Kf1 Nc6 20. Ndb5 Rxd1+
21. Rxd1 Ke7 22. Ke2 Rd8 23. Rc1 Ra8 24. g3 Ne8 25. Rd1 Rd8 26. Na4 Rxd1 27.
Kxd1 Ne5 28. Nxb6 Ng4 29. Ke2 Nxh2 30. Nc4 Ng4 31. Na5 Kd7 32. a4 Kc8 33. Nc4
Kd7 34. f3 Ngf6 35. e4 Nh5 36. Kf2 f6 37. Na5 Kc8 38. Nd4 Nc7 39. Nc4 Kd7 40. b4
e5 41. Nf5 b5 42. Nb6+ Ke6 43. a5 g6 44. Nxh6 f5 45. Ng8 f4 46. g4 Ng7 47. Nd5
Na6 48. Nge7 g5 49. Nc6 Ne8 50. Nd8+ 1-0

[Event "13th EICC"]
[Site "Plovdiv BUL"]
[Date "2012.03.25"]
[Round "6.13"]
[White "Sjugirov, Sanan"]
[Black "Azarov, Sergei"]
[Result "0-1"]
[WhiteTitle "GM"]
[BlackTitle "GM"]
[WhiteElo "2610"]
[BlackElo "2667"]
[WhiteFideId "4189302"]
[BlackFideId "13501470"]
[EventDate "2012.03.20"]
[EventType "swiss"]

1. e4 e5 2. Nf3 Nc6 3. Bb5 a6 4. Ba4 Nf6 5. O-O Be7 6. d3 b5 7. Bb3 d6 8. a4 Bd7
9. c3 O-O 10. Nbd2 Na5 11. Bc2 c5 12. Re1 Qc7 13. Nf1 h6 14. Bd2 c4 15. d4 Rfe8
16. Ng3 Bf8 17. h3 Rab8 18. axb5 axb5 19. d5 Nb7 20. Ra7 Ra8 21. Qa1 Qb8 22. Be3
Rxa7 23. Bxa7 Qc7 24. Be3 Nc5 25. Qa3 Rb8 26. Ra1 Bc8 27. Qa7 Rb7 28. Qa5 Qxa5
29. Rxa5 Nfd7 30. h4 b4 31. cxb4 Rxb4 32. Ra2 Ba6 33. Bd2 Rb8 34. Nf5 Bc8 35.
Bc3 Nf6 36. Ng3 Ba6 37. Nd2 g6 38. Ngf1 h5 39. f3 Bh6 40. Bd1 Bb5 41. Ra7 Nfd7
42. Ra5 Nd3 43. Ba4 Bxa4 44. Rxa4 N7c5 45. Rxc4 Nxb2 46. Rb4 Rxb4 47. Bxb4 Nbd3
48. Ba5 Kf8 49. Nc4 Ke7 50. Bc7 Nb7 51. Bb8 Kd7 52. Nb6+ Ke7 53. Nc4 Kd7 54. g3
f5 55. exf5 gxf5 56. Nfe3 Bxe3+ 57. Nxe3 f4 58. gxf4 Nxf4 59. Kf2 Kc8 60. Ba7
Kc7 61. Kg3 Nd8 62. Nf5 Nxd5 63. Ng7 Nf4 64. Be3 Nde6 65. Nf5 Kd7 66. Kf2 d5 67.
Ba7 Nf8 68. Bb8 N8g6 69. Ng7 d4 70. Kf1 d3 71. Nf5 Ke6 72. Ne3 Nxh4 73. Kf2 Nf5
74. Nc4 Kd5 75. Nd2 Nd6 76. Ba7 Nc4 77. Ne4 d2 0-1

[Event "13th EICC"]
[Site "Plovdiv BUL"]
[Date "2012.03.25"]
[Round "6.14"]
[White "Kobalia, Mikhail"]
[Black "Kulaots, Kaido"]
[Result "1/2-1/2"]
[WhiteTitle "GM"]
[BlackTitle "GM"]
[WhiteElo "2666"]
[BlackElo "2585"]
[WhiteFideId "4119150"]
[BlackFideId "4500261"]
[EventDate "2012.03.20"]
[EventType "swiss"]

1. e4 c5 2. Nf3 d6 3. d4 Nf6 4. Nc3 cxd4 5. Nxd4 a6 6. Be3 Ng4 7. Bc1 Nf6 8. Be2
e5 9. Nb3 Be7 10. O-O O-O 11. a4 Be6 12. Bf3 Qc7 13. Re1 Rc8 14. h3 h6 15. Be3
Nbd7 16. a5 b5 17. axb6 Nxb6 18. Na5 Nc4 19. Nxc4 Bxc4 20. Ra4 Rab8 21. Qa1 Bd8
22. Rd1 a5 23. Qa3 Be7 24. Qa1 Bd8 25. Qa3 Be7 26. Qa1 1/2-1/2

[Event "13th EICC"]
[Site "Plovdiv BUL"]
[Date "2012.03.25"]
[Round "6.24"]
[White "Akopian, Vladimir"]
[Black "Shimanov, Aleksandr"]
[Result "1-0"]
[WhiteTitle "GM"]
[BlackTitle "GM"]
[WhiteElo "2684"]
[BlackElo "2591"]
[WhiteFideId "13300032"]
[BlackFideId "4198603"]
[EventDate "2012.03.20"]
[EventType "swiss"]

1. e4 c6 2. d4 d5 3. Nc3 dxe4 4. Nxe4 Nd7 5. Ng5 Ngf6 6. Bd3 e6 7. N1f3 Bd6 8.
Qe2 h6 9. Ne4 Nxe4 10. Qxe4 Qc7 11. O-O Nf6 12. Qh4 b6 13. Bg5 Be7 14. Bf4 Qd8
15. Ne5 Bb7 16. Rad1 Bd6 17. Rfe1 Qe7 18. Qh3 Nd5 19. Bg3 O-O 20. c4 Nf6 21. Bh4
g5 22. Bxg5 hxg5 23. Qh6 1-0

[Event "13th EICC"]
[Site "Plovdiv BUL"]
[Date "2012.03.25"]
[Round "6.26"]
[White "Parligras, Mircea-Emilian"]
[Black "Georgiev, Kiril"]
[Result "1/2-1/2"]
[WhiteTitle "GM"]
[BlackTitle "GM"]
[WhiteElo "2614"]
[BlackElo "2671"]
[WhiteFideId "1204297"]
[BlackFideId "2900017"]
[EventDate "2012.03.20"]
[EventType "swiss"]

1. d4 Nf6 2. c4 e6 3. Nc3 Bb4 4. Qc2 O-O 5. a3 Bxc3+ 6. Qxc3 b6 7. Bg5 Bb7 8. f3
h6 9. Bh4 d5 10. e3 Nbd7 11. cxd5 Nxd5 12. Bxd8 Nxc3 13. Bh4 Nd5 14. Bf2 c5 15.
e4 Ne7 16. Ne2 Rfd8 17. Nc3 cxd4 18. Bxd4 Nc6 19. Be3 Nde5 20. Rd1 Rxd1+ 21.
Kxd1 Rd8+ 22. Kc1 Nd4 23. Nb5 Nb3+ 24. Kc2 Na1+ 25. Kc1 Nb3+ 26. Kc2 Na1+ 27.
Kc1 1/2-1/2

[Event "13th EICC"]
[Site "Plovdiv BUL"]
[Date "2012.03.25"]
[Round "6.28"]
[White "Lysyj, Igor"]
[Black "Kuljasevic, Davorin"]
[Result "1/2-1/2"]
[WhiteTitle "GM"]
[BlackTitle "GM"]
[WhiteElo "2656"]
[BlackElo "2580"]
[WhiteFideId "4150120"]
[BlackFideId "14506661"]
[EventDate "2012.03.20"]
[EventType "swiss"]

1. d4 d5 2. c4 c6 3. Nf3 Nf6 4. e3 a6 5. Nc3 b5 6. b3 g6 7. cxd5 cxd5 8. Ne5
Nbd7 9. Nd3 e6 10. Be2 Bd6 11. Bb2 Qe7 12. O-O Bb7 13. Rc1 Rc8 14. a4 b4 15. Nb1
O-O 16. Nd2 Rxc1 17. Qxc1 Rc8 18. Qb1 Ne4 19. Nxe4 dxe4 20. Ne5 Nxe5 21. dxe5
Bc5 22. Rd1 a5 23. Bc4 Rd8 24. Qc2 Rxd1+ 25. Qxd1 Bc6 26. h3 Bd5 27. Bxd5 Qd7
28. Kh2 Bb6 29. Kg3 exd5 30. Kh2 Qc6 31. Bd4 Bc7 32. Kg1 Qe6 33. Qg4 Qxg4 34.
hxg4 Kf8 35. f4 Ke7 36. Kf2 Ke6 37. g5 Kf5 38. Kg3 Bd8 39. Kh3 Bc7 40. g4+ Ke6
41. Kg2 1/2-1/2

[Event "13th EICC"]
[Site "Plovdiv BUL"]
[Date "2012.03.25"]
[Round "6.29"]
[White "Fridman, Daniel"]
[Black "Ter-Sahakyan, Samvel"]
[Result "1-0"]
[WhiteTitle "GM"]
[BlackTitle "GM"]
[WhiteElo "2653"]
[BlackElo "2578"]
[WhiteFideId "11600454"]
[BlackFideId "13302531"]
[EventDate "2012.03.20"]
[EventType "swiss"]

1. c4 Nf6 2. g3 e5 3. Bg2 Nc6 4. Nc3 Bc5 5. e3 a6 6. Nge2 d6 7. O-O O-O 8. a3
Ba7 9. b4 Bf5 10. d4 h6 11. d5 Ne7 12. e4 Bh7 13. Qd3 Nd7 14. Be3 Qb8 15. Rac1
f5 16. exf5 Bxf5 17. Be4 Bh3 18. Bg2 Bf5 19. Ne4 Bxe3 20. Qxe3 Qa7 21. c5 Nxd5
22. Qd2 Bxe4 23. Bxe4 N5f6 24. Bf5 Rad8 25. cxd6 c6 26. Nc3 Kh8 27. Rcd1 Qb6 28.
Na4 Qb5 29. Qc2 e4 30. Bxd7 Nxd7 31. Nc5 Nxc5 32. bxc5 Rf5 33. Rc1 Qd3 34. Rfe1
b6 35. cxb6 Qxc2 36. Rxc2 Rxd6 37. a4 a5 38. Rb1 Rfd5 39. Rcc1 Rd8 40. b7 1-0

[Event "13th EICC"]
[Site "Plovdiv BUL"]
[Date "2012.03.25"]
[Round "6.34"]
[White "Prohaszka, Peter2"]
[Black "Najer, Evgeniy"]
[Result "1/2-1/2"]
[WhiteTitle "GM"]
[BlackTitle "GM"]
[WhiteElo "2553"]
[BlackElo "2640"]
[WhiteFideId "726265"]
[BlackFideId "4118987"]
[EventDate "2012.03.20"]
[EventType "swiss"]

1. Nf3 Nf6 2. c4 g6 3. g3 Bg7 4. Bg2 d5 5. cxd5 Nxd5 6. Nc3 O-O 7. O-O Nxc3 8.
bxc3 c5 9. Rb1 Qa5 10. Qb3 Nc6 11. d3 b6 12. Ng5 Bd7 13. Bd5 e6 14. Nxe6 Bxe6
15. Bxe6 Qxc3 16. Qxc3 Bxc3 17. Bd5 Rac8 18. Be3 Rfe8 19. Bxc6 Rxc6 20. Rfc1 Ba5
21. Rc4 Rec8 22. a3 Re6 23. d4 Re4 24. Rbc1 Rxe3 25. fxe3 Bd2 26. R1c2 Bxe3+ 27.
Kg2 Rd8 28. dxc5 Bxc5 29. a4 Kg7 30. g4 Rd5 31. h3 h5 32. R2c3 hxg4 33. hxg4 Kh6
34. Rd3 Re5 35. Kf3 Kg5 36. Rf4 f5 37. gxf5 gxf5 38. e4 fxe4+ 39. Rxe4 Kf5 40.
Rxe5+ Kxe5 41. Rd7 a6 42. Ra7 b5 43. Rxa6 bxa4 44. Rxa4 Kd5 45. Ra6 Ke5 46. Rc6
Kd5 47. Rh6 Ke5 48. Rh5+ Kd4 49. Ke2 Be7 50. Ra5 Bc5 51. Ra4+ Ke5 52. Kd3 Bb6
53. Rb4 Ba7 54. Re4+ Kf5 55. Re7 Bb6 56. Kc4 Kf4 57. Kd5 Kf3 58. Rb7 Bg1 59. Rb1
Ba7 60. Ke5 Bc5 61. Rb3+ Kg2 62. Ke4 Ba7 63. Kf4 Bc5 64. Rb2+ Kh1 65. Kf3 Ba7
66. Kg3 Bc5 67. Rd2 Bb6 68. Rd7 Bc5 69. Rd2 Bb6 70. Rh2+ Kg1 71. Rc2 Kh1 72. Rb2
Bc5 73. Rb5 Bd6+ 74. Kf2 Bc7 75. Rb1+ Kh2 76. Rb7 Bg3+ 77. Kf3 Bd6 78. Rd7 Bc5
79. Rd2+ Kh1 80. Rg2 Bb6 81. Kg3 Bc7+ 82. Kh3 Bb6 83. Rb2 Bc5 84. Rc2 Ba7 85.
Rc8 Bd4 86. Rc1+ Bg1 87. Kg4 Kg2 88. Rc2+ Kh1 89. Kg3 Ba7 90. Rh2+ Kg1 91. Rh8
Bf2+ 92. Kf3 Bb6 93. Rb8 Bc5 94. Rb2 Kh1 95. Kg3 Bd6+ 96. Kf2 Bc5+ 97. Kf1 Bd6
98. Rb6 Bc7 99. Rh6+ Bh2 100. Rh3 1/2-1/2

[Event "13th EICC"]
[Site "Plovdiv BUL"]
[Date "2012.03.25"]
[Round "6.38"]
[White "Efimenko, Zahar"]
[Black "Nabaty, Tamir"]
[Result "1/2-1/2"]
[WhiteTitle "GM"]
[BlackTitle "GM"]
[WhiteElo "2695"]
[BlackElo "2559"]
[WhiteFideId "14107201"]
[BlackFideId "2809052"]
[EventDate "2012.03.20"]
[EventType "swiss"]

1. e4 e5 2. Nf3 Nf6 3. d4 Nxe4 4. Bd3 d5 5. Nxe5 Nd7 6. O-O Nxe5 7. dxe5 Nc5 8.
Be2 Be7 9. Be3 O-O 10. f4 f6 11. exf6 Rxf6 12. c4 Be6 13. cxd5 Qxd5 14. Qxd5
Bxd5 15. Nc3 Bf7 16. Rad1 Re6 17. Bd4 Na4 18. Bf3 Nxc3 19. Bxc3 Bc5+ 20. Kh1 c6
21. Be5 Re7 22. a3 Bc4 23. Rfe1 Bf2 24. Re4 Bd5 25. Re2 Bxf3 26. gxf3 Bh4 27.
Re4 Kf7 28. Kg2 Rae8 29. Kh3 Bf6 30. Rde1 Re6 31. b4 R8e7 32. Bb8 Bc3 33. R1e2
a5 34. bxa5 Bxa5 35. f5 Rxe4 36. fxe4 Bc7 37. Bxc7 Rxc7 38. Kg4 b5 39. Kf4 c5
40. Ke5 b4 41. Kd6 Rb7 42. Rb2 c4 43. axb4 c3 44. Rc2 Rxb4 45. Kd5 Rb2 46. Rxc3
Rxh2 47. Rc7+ Kf6 48. Rc6+ Ke7 49. Ke5 Rd2 50. Re6+ Kf7 51. f6 gxf6+ 52. Rxf6+
Ke8 53. Ra6 Rg2 54. Ra7 Rg5+ 55. Kd6 Rg6+ 56. Kd5 h5 57. Rh7 Ra6 58. e5 h4 59.
Rxh4 Ke7 1/2-1/2